00593nam a2200169 a 450000500170000000800410001702000150005805000260007310000170009924501040011626000560022030000220027652100090029865000280030765000260033565000620036120140310183216.0030528s19uu xx 00 eng d a9221039587 aHF 5549.5b.B789 1985 aBoydell, Tom aManagement sel-development :bA guide for managers, organisations, and institutions /cTom Boydell. aGeneva :bInternational Labour Organisation,c1985. a267 p. :c24 cm.  aBSBA aExecutivesxTraining of amanagersxTraining of aManagementxStudy & teachingxAddresses, essays, lectures